[Event "XXXIV Memorial Edoardo Crespi Magistrale"]
[Site "Milano ITA"]
[Date "2013.12.08"]
[Round "9"]
[White "Roeder, Matthias"]
[Black "Tonndorf, Matthias"]
[WhiteElo "2419"]
[BlackElo "2219"]
[Result "1/2-1/2"]
[PlyCount "121"]
[EventDate "2013.11.30"]

1. Nf3 c5 2. c4 b6 3. g3 Bb7 4. Bg2 Nf6 5. O-O e6 6. b3 Be7 7. Nc3 O-O 8. Bb2
a6 9. e3 d5 10. cxd5 Nxd5 11. Nxd5 Bxd5 12. Qb1 Ra7 13. Rd1 Bf6 14. d4 cxd4 15.
e4 Ba8 16. e5 Be7 17. Nxd4 Qc7 18. Bxa8 Rxa8 19. Qe4 Ra7 20. Rac1 Qb7 21. Qxb7
Rxb7 22. Nc6 Nxc6 23. Rxc6 h6 24. Kf1 Kh7 25. Ke2 Kg6 26. Bd4 Rfb8 27. Rdc1 Bb4
28. R1c2 h5 29. h3 Kf5 30. Kf3 a5 31. g4+ hxg4+ 32. hxg4+ Kg6 33. Be3 b5 34.
Ke4 Kh7 35. f4 Re8 36. Rc7 Rxc7 37. Rxc7 Kg8 38. Rb7 Rc8 39. Rxb5 Rc2 40. a3
Bxa3 41. Rxa5 Bb4 42. Ra4 Be1 43. Ra1 Bb4 44. Ra8+ Kh7 45. Rb8 Be1 46. b4 Rc4+
47. Kf3 Rxb4 48. Rf8 Rb7 49. Rc8 g6 50. Bc5 Bc3 51. Ke4 Bb4 52. Bd6 Rb6 53. Rd8
Rb5 54. Rf8 Kg7 55. Rc8 Rb6 56. Rd8 Rb5 57. Kd4 Rd5+ 58. Kc4 Ba3 59. Rd7 Kg8
60. Rd8+ Kg7 61. Rd7 1/2-1/2

[Event "XXXIV Memorial Edoardo Crespi Magistrale"]
[Site "Milano ITA"]
[Date "2013.12.08"]
[Round "9"]
[White "Sanchez, Joseph"]
[Black "Martinez, Rolly"]
[WhiteElo "2529"]
[BlackElo "2422"]
[Result "1/2-1/2"]
[PlyCount "26"]
[EventDate "2013.11.30"]

1. e4 e6 2. d4 d5 3. Nd2 Nf6 4. e5 Nfd7 5. Bd3 c5 6. c3 Nc6 7. Ne2 cxd4 8. cxd4
f6 9. exf6 Nxf6 10. O-O Bd6 11. Nf3 O-O 12. Nc3 Bd7 13. Be3 a6 1/2-1/2

[Event "XXXIV Memorial Edoardo Crespi Magistrale"]
[Site "Milano ITA"]
[Date "2013.12.08"]
[Round "9"]
[White "Sardo, Gabriele"]
[Black "Pavlidis, Anastasios"]
[WhiteElo "2198"]
[BlackElo "2342"]
[Result "0-1"]
[PlyCount "64"]
[EventDate "2013.11.30"]

1. d4 Nf6 2. c4 g6 3. Nc3 Bg7 4. e4 O-O 5. Nf3 d6 6. Be2 e5 7. O-O Nc6 8. d5
Ne7 9. Ne1 Nd7 10. Be3 f5 11. f3 f4 12. Bf2 g5 13. a4 Ng6 14. a5 h5 15. b4 Nf6
16. c5 g4 17. cxd6 cxd6 18. Nb5 g3 19. Bxa7 Nh7 20. hxg3 fxg3 21. f4 Nxf4 22.
Bb6 Qh4 23. Nf3 Nh3+ 24. gxh3 Qxh3 25. Qd2 Rf4 26. Bd1 g2 27. Re1 Bd7 28. Be3
Bxb5 29. Bxf4 Qh1+ 30. Kf2 Qf1+ 31. Kg3 exf4+ 32. Kh2 Bxa1 0-1